000
00308nam a22001337a 4500
020
_a
81-7109-005-2
082
_a
270 SCH
100
_a
Schreck, Alan
245
_a
The Compact History Of The Catholic Church
260
_a
Mumbai
_b
St. Pauls
_c
1987
300
_a
191
650
_a
Church-History
942
_c
BK
999
_c
20601
_d
20601